LEADER 05480nam 22006614a 450 001 9910143562103321 005 20170810185133.0 010 $a1-280-27863-3 010 $a9786610278633 010 $a0-470-34897-6 010 $a0-471-74623-1 010 $a0-471-74622-3 035 $a(CKB)1000000000355962 035 $a(EBL)242776 035 $a(OCoLC)70148558 035 $a(SSID)ssj0000104700 035 $a(PQKBManifestationID)11141094 035 $a(PQKBTitleCode)TC0000104700 035 $a(PQKBWorkID)10080197 035 $a(PQKB)11128570 035 $a(MiAaPQ)EBC242776 035 $a(EXLCZ)991000000000355962 100 $a20050330d2006 uy 0 101 0 $aeng 135 $aur|n|---||||| 181 $ctxt 182 $cc 183 $acr 200 10$aApplied electromagnetics and electromagnetic compatibility$b[electronic resource] /$fDipak L. Sengupta, Valdis V. Liepa 210 $aHoboken, N.J. $cWiley-Interscience$dc2006 215 $a1 online resource (510 p.) 225 1 $aWiley series in microwave and optical engineering 300 $aDescription based upon print version of record. 311 $a0-471-16549-2 320 $aIncludes bibliographical references and index. 327 $aAPPLIED ELECTROMAGNETICS AND ELECTROMAGNETIC COMPATIBILITY; CONTENTS; Preface; Acknowledgments; 1 General Considerations; 1.1 Introduction; 1.2 Definitions; 1.3 Interference mechanisms; 1.4 Examples; 1.5 Discussion; References; 2 The Electromagnetic Environment; 2.1 Introduction; 2.2 Natural Noise; 2.3 Man-Made Noise; 2.4 CW and Transient Sources; 2.5 Characteristic Parameters of Authorized Radiators; 2.6 Noise Emission Intensity; 2.7 Home Environment; 2.8 Discussion of Noise Sources; 2.9 Subject Matter of the Book; References; 3 Fundamentals of Fields and Waves; 3.1 Introduction 327 $a3.2 Basic Parameters3.3 Time Dependent Relations; 3.3.1 Continuity of Current and Conservation of Charge; 3.3.2 Faraday's Law; 3.3.3 Ampe?re's Circuital Law; 3.3.4 Lorentz Force Law; 3.3.5 Maxwell's Equations; 3.3.6 Historical Comments on Maxwell's Equations; 3.3.7 Media Considerations; 3.3.8 Boundary Conditions; 3.3.9 Energy Flow and Poynting's Theorem; 3.3.10 Uniqueness Theorem; 3.4 Harmonically Oscillating Fields; 3.4.1 Introduction; 3.4.2 Phasors; 3.4.3 Time Harmonic Relations; 3.4.4 Complex Permittivity; 3.4.5 Boundary Conditions Again; 3.4.6 Notes on the Solution 327 $a3.4.7 The Complex Poynting Theorem3.5 The Wave Equation; 3.5.1 Time Dependent Case; 3.5.2 Time Harmonic Case; 3.6 Uniform Plane Waves; 3.6.1 General Considerations; 3.6.2 Energy Considerations; 3.6.3 Group Velocity; 3.6.4 Summary; 3.6.5 General Representation of TEM Waves; 3.6.6 Plane Waves in Lossy Media; 3.6.7 Skin Effect; 3.6.8 Polarization of Plane Waves; 3.7 Reflection and Refraction (Transmission) of Plane Waves; 3.7.1 Normal Incidence on a Plane Interface; 3.7.2 Oblique Incidence; References; Problems; 4 Signal Waveform and Spectral Analysis; 4.1 Introduction 327 $a4.2 Classification of Signals4.3 Energy Signals; 4.3.1 Definitions; 4.3.2 A Rectangular Pulse; 4.4 Power Signals; 4.4.1 Periodic Signals; 4.4.2 Trapezoidal Waveform; 4.5 Examples of Some Signals; References; Problems; 5 Transmission Lines; 5.1 Introduction; 5.2 Basic Discussion; 5.3 Transverse Electromagnetic (TEM) Transmission Lines; 5.4 Telegrapher's Equations: Quasi-Lumped Circuit Model; 5.5 Wave Equations; 5.6 Frequency Domain Analysis; 5.6.1 General Solution; 5.6.2 Further Discussion of Propagation Constant and Characteristic Impedance; 5.6.3 Voltage, Current, and Impedance Relations 327 $a5.7 Line Parameters5.7.1 Coaxial Line; 5.7.2 Parallel Wire Line; 5.7.3 Parallel Plate Line; 5.7.4 Circular Wire above a Ground Plane; 5.7.5 Microstrip Line; 5.7.6 Stripline; 5.7.7 Comments; 5.8 Transients on Transmission Lines; 5.8.1 Initial and Final (Steady State) Values; 5.8.2 Transient Values; 5.9 Measurements; 5.9.1 Slotted Line Measurements; 5.9.2 Network Analyzer Measurement; References; Problems; 6 Antennas and Radiation; 6.1 Introduction; 6.2 Potential Functions; 6.3 Radiation from a Short Current Element; 6.3.1 Complete Fields; 6.3.2 Near Zone and Far Zone Considerations 327 $a6.3.3 Near Zone and Far Zone Fields 330 $aApplied Electromagnetics and Electromagnetic Compatibility deals with Radio Frequency Interference (RFI), which is the reception of undesired radio signals originating from digital electronics and electronic equipment. With today's rapid development of radio communication, these undesired signals as well as signals due to natural phenomena such as lightning, sparking, and others are becoming increasingly important in the general area of Electro Magnetic Compatibility (EMC). EMC can be defined as the capability of some electronic equipment or system to be operated at desired levels of performan 410 0$aWiley series in microwave and optical engineering. 606 $aElectromagnetic theory 606 $aElectromagnetism 608 $aElectronic books. 615 0$aElectromagnetic theory. 615 0$aElectromagnetism. 676 $a537 700 $aSengupta$b Dipak L$0751766 701 $aLiepa$b Valdis V.$f1935-$0751767 801 0$bMiAaPQ 801 1$bMiAaPQ 801 2$bMiAaPQ 906 $aBOOK 912 $a9910143562103321 996 $aApplied Electromagnetics and Electromagnetic Compatibility$91511234 997 $aUNINA LEADER 04487 am 2200913 n 450 001 9910629396703321 005 20210709 010 $a2-7351-2603-X 024 7 $a10.4000/books.editionsmsh.41585 035 $a(CKB)5590000001000990 035 $a(FrMaCLE)OB-editionsmsh-41585 035 $a(oapen)https://directory.doabooks.org/handle/20.500.12854/95057 035 $a(PPN)266362834 035 $a(EXLCZ)995590000001000990 100 $a20221116j|||||||| ||| 0 101 0 $afre 135 $auu||||||m|||| 181 $ctxt$2rdacontent 182 $cc$2rdamedia 183 $acr$2rdacarrier 200 10$aNécropoles et société au premier âge du Fer $eLe tumulus de Courtesoult (Haute-Saône) /$fJean-François Piningre 210 $aParis $cÉditions de la Maison des sciences de l?homme$d2021 215 $a1 online resource (224 p.) 225 1 $aDocuments d?archéologie française 311 $a2-7351-0614-4 330 $aUne vaste campagne de fouille a permis de sauver de la destruction un tumulus gaulois à Courtesoult (Haute-Saône), Ces recherches ont mis en évidence deux étapes principales de construction et d?utilisation du monument qui comprenait 45 sépultures. Ces dernières ont fait l?objet d?études anthropologique et paléodémographique détaillées. L?analyse typologique du mobilier, composé pour l?essentiel de parures (fibules, bracelets, agrafes de ceintures, perles de corail...) permet de proposer une datation échelonnée entre le Hallstatt D1 et La Tène A. Les données de Courtesoult, confrontées à celles d?autres nécropoles telles que Gy, Mantoche ou Savoyeux, viennent préciser l?évolution du comportement funéraire au premier âge du Fer entre Jura et Bourgogne, région qui n?avait pas donné lieu à des études récentes sur cette période. A large campaign of excavations has saved the gaulish tumulus of Courtesoult (Haute-Saône) from destruction. These researches have put into evidence two main phases of construction and use of the monument which includes 45 tombs. These have been the subject of detailed anthropological and palaeodentographical studies. The typological analysis of the small finds, mainly composed of dress items (brooches, bracelets, belt hooks, coral beads), gives a date ranging from the Hallstatt D1 to the La Tène A period. The data From Courtesoult can be put up against that of other burial sites, such as Gy, Mantoche or Savoyeux. It gives further details concerning the evolution of funeral practices from the first Iron Age in the region between the Jura and Burgundy. This area had hitherto given rise to no recent research far this period. 606 $aArchaeology 606 $aanthropologie 606 $aparure 606 $ainhumation 606 $avallée de la Saône 606 $asépulture 606 $aincinération 606 $aHallstatt 606 $aLa Tène 606 $areste humain 606 $achronologie de l?âge du Fer 606 $apaléodémographie 610 $aanthropologie 610 $aparure 610 $ainhumation 610 $avallée de la Saône 610 $asépulture 610 $aincinération 610 $aHallstatt 610 $aLa Tène 610 $areste humain 610 $achronologie de l?âge du Fer 610 $apaléodémographie 615 4$aArchaeology 615 4$aanthropologie 615 4$aparure 615 4$ainhumation 615 4$avallée de la Saône 615 4$asépulture 615 4$aincinération 615 4$aHallstatt 615 4$aLa Tène 615 4$areste humain 615 4$achronologie de l?âge du Fer 615 4$apaléodémographie 700 $aBichet$b Vincent$01307194 701 $aChaix$b Louis$069845 701 $aCourtaud$b Patrice$01326625 701 $aDuday$b Henri$0174024 701 $aÉluère$b Christiane$0592991 701 $aGanard$b Véronique$01327362 701 $aMillotte$b Jacques?Pierre$01349761 701 $aPiningre$b Jean?François$01349762 701 $aPuybaret$b Marie?Pierre$01349763 701 $aRichard$b Hervé$01307203 701 $aSellier$b Pascal$01305763 701 $aStaniaszek$b Luc$01349764 701 $aPiningre$b Jean-François$01286459 801 0$bFR-FrMaCLE 906 $aBOOK 912 $a9910629396703321 996 $aNécropoles et société au premier âge du Fer$93087578 997 $aUNINA